000 00416nam a2200181Ia 4500
001 779
005 20260306140543.0
008 260306t1989||||xx |||||||||||||| ||spa||
041 _aESP
082 _a160
_bV53
100 _aVerneaux, Roger
_eAUT
245 0 _aIntroducción general y lógica
260 _c1989
300 _a182 páginas :
_c22 cm.
650 _aGEN
654 _aCHU
942 _cLIB
_dJUS
_fJUS
_2ddc
_n
999 _c779
_d779